[Event "CD Meyer Gedenkturnier 2020"]
[Site "Bremen"]
[Date "2020.10.18"]
[Round "9.5"]
[White "Schulze, Lara"]
[Black "Coll Ortega, Jordi"]
[Result "1/2-1/2"]
[WhiteElo "2314"]
[BlackElo "2268"]
[Annotator "TA"]
[PlyCount "61"]
[EventDate "2020.10.10"]
[EventType "swiss"]
[EventCountry "GER"]
[SourceTitle "playchess.com"]
[Source "ChessBase"]
[SourceQuality "1"]

{[%evp 21,61,21,33,34,33,0,0,0,0,0,28,34,20,-22,-2,0,-6,0,0,-31,-29,-27,-25,-27,-16,-10,-11,-41,-20,-20,-8,-8,-8,-14,-8,-8,-8,-8,-8,-8,-6,-12]} 1. e4 c5 2. Nf3 e6 3. d4 cxd4 4. Nxd4 Nc6 5. Nc3 Qc7 6. Be3 a6 7. a3 b5 8. Nxc6 Qxc6 9. Be2 Bb7 10. O-O Qc7 11. Qd4 Nf6 12. e5 {B49: Sicilian: Taimanov: 5 Nc3 Qc7 6 Be3 a6 7 Be2.} Nd5 {[#]} 13. Ne4 $146 ({Predecessor:} 13. Nxd5 Bxd5 14. c3 Be7 15. Rfe1 Qc6 16. Bf1 O-O 17. Qb6 f6 18. Qxc6 dxc6 19. exf6 Rxf6 20. Bg5 {½-½ (39) Christensen,E (2038)-Mejdini,M Kallithea 2008}) 13... Nxe3 14. fxe3 Bxe4 15. Qxe4 Rc8 16. a4 Be7 17. Rf2 Rb8 18. axb5 axb5 19. Bd3 g6 20. Ra8 O-O 21. Rxb8 Qxb8 22. Rf3 d6 23. exd6 Bxd6 24. Rh3 Be7 (24... Qa7 {is more complex.} 25. b3 Qa1+ 26. Kf2 Qc3 27. Qd4 Qc7) 25. Qf4 {[#] Hoping for Qh6.The position is equal.} Qxf4 26. exf4 $11 {KRB-KRB} b4 27. Rf3 Bf6 28. b3 $1 Bd4+ 29. Kf1 Ra8 30. Ke2 h6 31. h4 {Av CentiPawn Loss W=-7/B=-4. Weighted=-11/-5} 1/2-1/2

[Event "CD Meyer Gedenkturnier 2020"]
[Site "Bremen"]
[Date "2020.10.18"]
[Round "9.6"]
[White "Lubbe, Melanie"]
[Black "Johansson, Linus"]
[Result "1/2-1/2"]
[WhiteElo "2254"]
[BlackElo "2492"]
[Annotator "TA"]
[PlyCount "111"]
[EventDate "2020.10.10"]
[EventType "swiss"]
[EventCountry "GER"]
[SourceTitle "playchess.com"]
[Source "ChessBase"]
[SourceQuality "1"]

{[%evp 12,111,0,-12,29,39,50,59,62,62,51,41,72,66,66,18,12,17,14,-9,-14,-33,82,85,104,97,108,104,106,109,106,78,111,127,134,112,136,166,164,144,149,55,151,0,0,0,7,0,0,0,0,0,0,-58,-81,-152,-150,-143,-149,-122,64,64,64,64,68,60,62,0,0,0,0,0,0,0,0,0,0,-7,0,0,0,0,0,0,0,0,0,0,0,0,0,0,0,0,0,0,0,0,0,0,0,0]} 1. e4 e6 2. d4 d5 3. Nd2 c5 4. Ngf3 cxd4 5. Nxd4 Nc6 6. Nxc6 bxc6 7. Bd3 Bc5 {C07: French Tarrasch: 3...c5, 4 Ngf3 and 4 exd5 Qxd5.} 8. O-O Ne7 9. Qh5 {[#]} Qc7 $146 {White is slightly better.} ({Predecessor:} 9... a5 10. Nf3 Ba6 11. Bg5 Qc7 12. Rae1 Ng6 13. exd5 Bxd3 14. cxd3 cxd5 15. Rc1 Qb6 {1-0 (32) Spasov,V (2575)-Gazis,E (2325) Athens 2001}) 10. Nf3 Ng6 11. g3 Bb7 12. Bd2 Be7 13. Rfe1 Rd8 14. exd5 Rxd5 15. Qg4 O-O 16. h4 f5 (16... h5 $15 {stays ahead.} 17. Qc4 Bd6) 17. Qh3 $16 Rxd3 18. cxd3 c5 19. h5 Nh8 20. Ne5 ({Worse is} 20. Rxe6 Bxf3 21. Rae1 Bd8 $15) 20... Bf6 21. Bf4 Nf7 {[%cal Rf6e5]} 22. Ng6 {[%mdl 64] Discovered Attack} Qc6 23. Nxf8 Kxf8 24. Re2 Bd4 25. Rae1 Qf3 26. Be3 (26. h6 $1 $16) 26... Kg8 (26... h6 $1 $14) 27. Kf1 $2 ({And not} 27. Bxd4 Ng5 $17) (27. h6 $16) 27... h6 $1 $11 28. Rd2 Bd5 29. a3 a5 30. Qh2 a4 31. Qh3 Kh7 32. Qh2 (32. Bf4 $11) 32... Ne5 $1 $15 {[%cal Re5g4]} 33. Qh3 {[#]} (33. Bxd4 $142 Ng4 34. Qh3 cxd4 35. Kg1) 33... Ng4 $1 $17 {[%cal Rg4e3]} 34. Bxd4 cxd4 35. Kg1 {[#]} Nf6 $2 ({Black should try} 35... e5 $1 $17) 36. Re5 $1 $14 Ng4 $1 {[%cal Rg4e5]} 37. Rxd5 $1 Qxd5 {[%mdl 4096] Endgame KQR-KQN} 38. Qg2 $1 {[%cal Rg2d5]} Qc5 {White must now prevent ...Qc1+.} 39. Qf1 ({White should play} 39. Re2 $14) 39... Ne5 $11 {And now ...Nf3+ would win.The position is equal.} 40. f3 Qd5 41. Rf2 Qb3 42. Rd2 Qd5 43. Kg2 Ng4 {Threatens to win with ...Ne3+.} 44. Qc1 Ne3+ 45. Kf2 f4 {Strongly threatening ...Qg5.} 46. g4 Qg5 {Hoping for ...Qh4+.} 47. Qh1 Qa5 48. Qe1 (48. Re2 {looks sharper.} Qd8 49. Qh2 e5 50. Kg1 Qa5 51. Kf2) 48... Qg5 49. Kg1 Qd5 50. Rf2 Qb5 51. Qc1 e5 52. Qd2 Qc6 53. Qe1 Qb7 54. Qb4 Qc7 55. Qe1 ({Don't go for} 55. Qxa4 $2 Qc1+ 56. Kh2 Qe1 $19) 55... Qc6 56. Kh2 {Never resign too early! Av CentiPawn Loss W=-10/B=-11. Weighted=-15/-11} 1/2-1/2

[Event "CD Meyer Gedenkturnier 2020"]
[Site "Bremen"]
[Date "2020.10.18"]
[Round "9.7"]
[White "Lubbe, Nikolas"]
[Black "Zwirs, Nico"]
[Result "1/2-1/2"]
[WhiteElo "2443"]
[BlackElo "2453"]
[Annotator "TA"]
[PlyCount "96"]
[EventDate "2020.10.10"]
[EventType "swiss"]
[EventCountry "GER"]
[SourceTitle "playchess.com"]
[Source "ChessBase"]
[SourceQuality "1"]

{[%evp 12,96,16,4,37,6,24,0,10,0,6,4,5,0,16,18,15,12,16,15,19,0,0,0,0,0,0,-10,0,-5,0,0,0,0,0,0,27,0,0,0,0,0,0,-19,0,0,0,-3,0,0,0,0,0,0,0,-28,0,-53,-54,-68,0,-57,-3,0,0,-26,-13,-13,-16,-25,-25,-26,0,0,0,0,0,0,0,0,0,0,0,0,0,0,0]} 1. Nf3 d5 2. g3 g6 3. Bg2 Bg7 4. d4 Nf6 5. c4 c6 6. O-O O-O 7. b3 a5 {D78: Fianchetto Grünfeld: 6 0-0 c6.} 8. cxd5 cxd5 9. Nc3 Ne4 10. Bb2 Nxc3 11. Bxc3 Nc6 12. Ne5 {[#]} e6 $146 ({Predecessor:} 12... Nxe5 13. dxe5 Be6 14. Qd4 Qd7 15. Rfd1 Rfd8 16. a4 b5 17. axb5 Qxb5 18. e4 Bg4 {1-0 (34) Lee,J (2261)-Bulgankhan,G (2103) Gangneung 2018}) 13. Nxc6 bxc6 14. Qd2 Qb6 15. Rfc1 a4 16. b4 a3 17. Rab1 Ba6 18. Bf1 Rfb8 19. h4 h5 20. e3 Bxf1 21. Kxf1 Bf8 22. Rb3 Ra4 23. Kg2 Qa6 24. Qe1 (24. g4 $5) 24... Rb5 25. Rcb1 Qb7 26. Bd2 Bd6 27. f3 e5 28. dxe5 Bxe5 29. Bc3 Bxc3 30. Qxc3 Ra8 31. Kf2 Ra6 32. Qc1 Ra4 33. Qd2 Ra8 34. Qe1 ({Better is} 34. Qc3 $11) 34... Qd7 $15 35. Kg2 Qb7 (35... c5 $1 $15) 36. Kh2 (36. Qc3 $11) 36... Qa6 (36... Ra4 $15) 37. Rc1 $1 $11 Qb7 38. Qc3 Ra6 39. e4 dxe4 40. fxe4 Qe7 41. Rf1 Rab6 {[%cal Rb5b4]} 42. Rxa3 {The position is equal.} Rxb4 43. Ra8+ Rb8 44. Qxc6 Rxa8 45. Qxa8+ Kg7 {[#] And now ...Rb2+ would win.} 46. Qd5 Rxe4 47. Rxf7+ Qxf7 48. Qxe4 Qxa2+ {Av CentiPawn Loss W=-8/B=-7. Weighted=-9/-9} 1/2-1/2

[Event "CD Meyer Gedenkturnier 2020"]
[Site "Bremen"]
[Date "2020.10.18"]
[Round "9.8"]
[White "Pajeken, Jakob Leon"]
[Black "Kardoeus, David"]
[Result "1-0"]
[WhiteElo "2332"]
[BlackElo "2172"]
[Annotator "TA"]
[PlyCount "185"]
[EventDate "2020.10.10"]
[EventType "swiss"]
[EventCountry "GER"]
[SourceTitle "playchess.com"]
[Source "ChessBase"]
[SourceQuality "1"]

{[%evp 11,184,0,37,29,76,69,94,99,165,151,145,142,210,228,234,129,134,131,145,102,195,185,195,191,227,149,166,164,186,88,83,31,343,345,436,366,453,451,479,462,490,446,572,206,229,229,229,229,229,229,229,226,205,173,162,109,356,199,206,203,204,109,109,109,111,109,109,94,101,0,111,104,103,104,110,104,322,308,315,312,257,205,205,0,591,193,205,111,102,20,20,14,20,5,8,0,0,0,41,51,58,0,0,0,0,0,0,0,0,0,0,0,889,281,221,221,29960,29962,29963,29964,29965,29964,29964,29962,29963,29962,29964,29965,29967,29968,29968,29969,29969,29969,29970,29970,29967,29969,29970,29970,29971,29970,29971,29972,29972,29973,29974,29975,29977,29974,29989,29990,29990,29991,29991,29992,29992,29993,29994,29993,29993,29990,29990,29991,29992,29993,29993,29994,29994,29994,29995,29996,29998,29999,29999]} 1. d4 Nf6 2. Nf3 e6 3. g3 b6 4. Bg2 Bb7 5. O-O d5 6. c4 Bd6 {6...Nbd7 gains popularity.} 7. Nc3 {E16: Queen's Indian: 4 g3 Bb7 5 Bg2 Bb4+.} a6 8. cxd5 exd5 9. Nh4 {White is better. has lost popularity (9.Ne5).} O-O (9... g6 $16) 10. Bg5 $1 $18 Be7 11. Nf5 c6 (11... Nbd7 $16 {is a better defense.} 12. Qb3 Rc8) 12. e4 h6 {[#]} 13. Bxf6 $146 (13. Bh4 $1 $18) ({Predecessor:} 13. Bxh6 gxh6 14. e5 Ne8 15. Qg4+ Kh7 16. Qh5 Bc8 17. Qxh6+ Kg8 18. Bh3 Bg5 19. Qh5 {0-1 (60) Knott,S (2318)-Meszaros,G (2255) Torquay 2013}) 13... Bxf6 $16 14. e5 Bc8 15. Bh3 (15. exf6 $6 Bxf5 16. fxg7 Kxg7 $16) 15... Bxf5 (15... Kh7 $16) 16. Bxf5 $18 g6 17. Bc2 (17. exf6 gxf5 18. Ne2 Qxf6 $11) 17... Bh8 18. h4 c5 19. dxc5 bxc5 20. Nxd5 ({Don't play} 20. Qxd5 $6 Qxd5 21. Nxd5 Bxe5 $14) (20. f4 $18 {and White stays clearly on top.}) 20... Bxe5 $16 21. Re1 (21. h5 $16) 21... Nc6 $2 {[%mdl 8192]} (21... Bd4 $14 22. Ne7+ Kh8) 22. Ba4 $18 Bxb2 23. Rb1 Bd4 24. Bxc6 Qd6 {White should prevent ...Qxg3+.} 25. Qf3 ({Less strong is} 25. Ne7+ Kg7 $18) 25... Rab8 26. Ba4 Rfd8 {next ...Rxb1 is good for Black.} 27. Bb3 $2 (27. Rxb8 Rxb8 28. Re7) 27... Rxb3 28. Rxb3 ({Don't take} 28. axb3 $6 Qxd5 29. Qxd5 Rxd5 $16) 28... Qxd5 {[#]} 29. Re8+ $1 {[%mdl 512]} Kg7 {White must now prevent ...Qxf3.} (29... Rxe8 30. Qxd5) 30. Rxd8 Qxd8 {[%mdl 4096] Endgame KQR-KQB} 31. Rb7 Qe8 32. Kg2 Qe6 33. a4 (33. a3 $1 $18) 33... Qa2 $2 (33... h5 $16 {keeps fighting.}) 34. Rd7 (34. h5 $142) 34... h5 {[#]} 35. a5 $1 {[%mdl 512]} Kg8 (35... Qxa5 36. Qxf7+) 36. Ra7 (36. Rd6 $18 Qc4 37. g4) 36... Qe6 $16 37. Rc7 Qa2 38. Rb7 Kg7 39. Re7 Kf8 40. Rd7 (40. Qe2 $16 Qd5+ 41. Kh2) 40... Kg7 (40... Kg8 $1 $11 {keeps the balance.}) 41. Qf4 Qe6 42. Rd6 Qe2 43. Rd8 Qa2 $2 (43... Qb5 $16) 44. g4 $1 $18 {[%cal Rg4h5]} hxg4 45. h5 $1 {[%cal Rh5h6]} Qe6 46. hxg6 Qc6+ 47. Kg3 $2 ({White should try} 47. Kg1 $18 {Threatening mate with Rg8+!} Qxg6 48. Rd5) 47... Qxg6 $2 {[%mdl 8192]} (47... f6 $1 $11 48. Kxg4 Qg2+ {[%mdl 64] Double Attack} 49. Kf5 Qxg6+ 50. Ke6 Be5) 48. Rd5 $2 (48. Rd6 Qd3+ 49. f3) 48... Qe6 49. Rg5+ ({White should play} 49. Qg5+ $18 Kh7 50. Qh5+ Kg7 51. Qg5+ Kh7 52. Qh5+ Kg8 53. Qxg4+ Qxg4+ 54. Kxg4) 49... Kf8 $16 50. Qb8+ (50. Qxg4 $16 Qxg4+ 51. Rxg4) 50... Ke7 $11 51. Qb7+ Kf6 52. Rh5 {And now Rh6+ would win.} Be5+ $1 53. Kg2 Kg6 $1 {[%cal Rg6h5]} 54. Rh1 Bd4 55. Qb1+ Kg7 56. Qh7+ ({Better is} 56. Rh5 $14) 56... Kf8 57. Qh6+ Ke7 {Hoping for ...Qe4+.} 58. Qxe6+ Kxe6 {KR-KB} 59. Rh6+ Kd5 60. Rxa6 c4 61. Ra8 {Rc8 is the strong threat.} Kc6 $2 {[%mdl 8192] Black is on the road to losing.} (61... Ke4 $11) 62. Rb8 $2 (62. Rc8+ Kb5 63. a6 $1 {[%mdl 512]}) 62... c3 {[#]} 63. a6 $1 c2 $2 (63... f5 $18 64. Rd8 Bb6 65. Rc8+ Kb5 66. Rxc3 Kxa6) 64. Rc8+ {White mates.} Kb5 65. Rxc2 Kxa6 66. Rc4 Bb2 67. Ra4+ Kb5 68. Ra7 Kc6 69. Rxf7 Kd6 70. Rf4 Ke6 71. Rxg4 Kf5 72. Ra4 Bc3 73. Kf3 Bd2 74. Rd4 Bc3 75. Rd5+ Kf6 76. Ke4 Bb2 77. f4 Ke6 78. Rb5 Ba1 79. Rb6+ Kf7 80. Kf5 Bd4 81. Rb7+ Kf8 82. Ke6 Bc3 83. f5 Bd4 84. f6 {[%cal Rb7b8]} Kg8 85. f7+ Kg7 86. Rb8 Bc5 87. Rg8+ Kh7 88. f8=Q Bxf8 89. Rxf8 Kh6 90. Rg8 Kh7 91. Rg1 Kh8 92. Kf7 {[%cal Rg1h1]} Kh7 93. Rh1# {Av CentiPawn Loss W=-1/B=-49. Weighted=-39/-102} 1-0

[Event "CD Meyer Gedenkturnier 2020"]
[Site "Bremen"]
[Date "2020.10.18"]
[Round "9.9"]
[White "Papp, Sarah"]
[Black "Sreyas Payyappat"]
[Result "1-0"]
[WhiteElo "2327"]
[BlackElo "2144"]
[Annotator "TA"]
[PlyCount "78"]
[EventDate "2020.10.10"]
[EventType "swiss"]
[EventCountry "GER"]
[SourceTitle "playchess.com"]
[Source "ChessBase"]
[SourceQuality "1"]

{[%evp 11,78,23,29,23,66,23,36,0,-4,0,-12,-21,81,12,41,48,79,91,72,82,181,166,287,293,265,240,407,393,389,376,369,349,335,287,372,363,537,527,559,540,545,477,497,483,500,478,473,289,375,375,520,510,546,522,534,526,640,638,637,631,620,605,862,861,1476,1380,29992,1228,29992]} 1. Nf3 Nf6 2. g3 d5 3. Bg2 e6 4. d4 c6 5. O-O Nbd7 6. c4 b6 7. Nc3 {E01: Catalan: Early deviations.} Ba6 {[#]} 8. Nd2 $146 ({Predecessor:} 8. cxd5 cxd5 9. Bf4 Nh5 10. Qa4 Nxf4 11. Qxa6 Nxg2 12. Kxg2 Qc8 13. Qxc8+ Rxc8 14. Rfc1 {1-0 (27) Gupta,A (2612)-Mozharov,M (2510) Moscow 2013}) 8... Rc8 9. Qa4 {White is slightly better.} Bxc4 10. Qxa7 b5 11. Nxc4 dxc4 (11... bxc4 $11 12. e4 Be7) 12. e4 (12. a4 $16 b4 13. Ne4) 12... e5 (12... Ra8 $5 {[%cal Ra8a7]} 13. Qb7 Rb8 $14) 13. Be3 $36 {[%mdl 2048] White is pushing.} Ra8 14. Qb7 {White now steadily converts the win.} Rb8 {[#]} 15. Qa6 $1 Qc7 (15... Bb4 $16 {might work better.}) 16. a4 $18 {[%cal Ra4b5]} Bb4 (16... exd4 $142 17. Bxd4 Bc5) 17. axb5 Bxc3 18. bxc3 cxb5 $2 (18... Rxb5 {was necessary.} 19. d5 Nb8) 19. dxe5 Nxe5 20. f4 Nd3 21. Ba7 O-O 22. Bxb8 Rxb8 23. Qa7 Rb7 (23... Qc5+ $142 24. Qxc5 Nxc5) 24. Qd4 Rb8 25. Ra7 Qc5 26. Qxc5 Nxc5 27. e5 Nfe4 28. Bxe4 Nxe4 {[%mdl 4096] Endgame KRR-KRN} 29. Rf3 f5 30. exf6 gxf6 31. Re3 f5 {[#]} 32. g4 $1 b4 (32... fxg4 33. Rxe4) 33. cxb4 c3 34. Rc7 Rxb4 35. gxf5 Kf8 36. Kg2 Rb2+ 37. Kf3 Nd2+ 38. Kg4 Nb1 39. Rd3 (39. Ree7 $142 Rg2+ {[#]} 40. Kh3 $1 {[%mdl 512]} Rd2 41. f6 Rd8 42. Rxh7 Rd3+ 43. Kg4 Rg3+ 44. hxg3 Kg8 45. Rhg7+ Kh8 46. Rc8#) 39... Rb8 {Av CentiPawn Loss W=-53/B=-127. Weighted=-47/-135} 1-0

[Event "CD Meyer Gedenkturnier 2020"]
[Site "Bremen"]
[Date "2020.10.18"]
[Round "9.10"]
[White "Rafiee, Makan"]
[Black "Steffens, Olaf"]
[Result "1-0"]
[WhiteElo "2336"]
[BlackElo "2171"]
[Annotator "TA"]
[PlyCount "71"]
[EventDate "2020.10.10"]
[EventType "swiss"]
[EventCountry "GER"]
[SourceTitle "playchess.com"]
[Source "ChessBase"]
[SourceQuality "1"]

{[%evp 14,71,85,83,85,82,85,91,132,94,136,127,172,184,188,166,161,176,175,156,184,168,246,227,234,235,292,275,273,259,308,289,412,347,822,824,805,754,732,613,658,594,568,375,358,355,617,614,1602,1580,29985,29986,29988,29989,29989,29990,29990,29991,29992,29993]} 1. e4 a6 2. d4 b5 3. Bd3 Bb7 4. Nf3 e6 5. O-O c5 6. c3 Nf6 7. Qe2 Nc6 8. d5 Ne7 {[#] B00: Queen's Fianchetto Defence, Nimzowitsch Defence.} 9. b3 $146 ({Predecessor:} 9. Bg5 h6 10. Bh4 exd5 11. Bxf6 gxf6 12. exd5 Bxd5 13. c4 bxc4 14. Bxc4 Be6 15. Nc3 Qb6 16. Rad1 {½-½ (27) Polak,T (2513)-Beck,H (2362) Austria 2014}) 9... Ng6 10. c4 Ng4 {White is better.} 11. Bb2 Qc7 12. h3 h5 13. e5 {aiming for Bxg6.} Nf4 14. Qd2 Nxd3 15. Qxd3 Nh6 16. Nc3 {[%cal Bb1c3,Bc3e4,Be4g5][%mdl 32]} Nf5 17. Rfe1 b4 (17... Qc8 {was called for.} 18. Bc1 (18. cxb5 axb5 19. dxe6 fxe6 $14) 18... Be7) 18. Ne4 $18 Qb6 19. Rad1 {Threatens to win with dxe6.} O-O-O 20. Neg5 Nh6 21. d6 Kb8 22. Ne4 Qc6 (22... Nf5 $142 23. Nfg5 Rc8 24. Nxf7 Bxe4 25. Qxe4 Rg8) 23. a3 a5 $2 (23... g5 24. Nfxg5 Rg8) 24. axb4 axb4 25. Ra1 Qb6 26. Ra2 f6 27. exf6 Rg8 28. Nfg5 {f7 is the strong threat.} gxf6 29. Bxf6 Rc8 $2 {[#]} (29... Bg7) 30. Nxe6 $1 {[%mdl 512]} Rc6 (30... dxe6 31. d7) 31. Bd8 Rxd6 32. Nxd6 {White mates.} Rxg2+ {[#]} 33. Kf1 $1 Qxd6 34. Bc7+ {[%mdl 64] Overworked Piece} Qxc7 35. Nxc7 Kxc7 {[#]} 36. Ra7 $1 {Black got outplayed after the opening. Av CentiPawn Loss W=-23/B=-121. Weighted=-23/-86} 1-0